[Event "I ITT Escola Politécnica"]
[Site "Escola Politécnica - USP - São"]
[Date "2012.12.08"]
[Round "6.1"]
[White "Maia, Luciano Malta"]
[Black "Diaz Hollemaert, Nahuel"]
[Result "1/2-1/2"]
[WhiteElo "2290"]
[BlackElo "2398"]
[PlyCount "76"]
[EventDate "2012.12.03"]

1. d4 g6 2. c4 Bg7 3. e4 d6 4. Nc3 Nd7 5. Nf3 Ngf6 6. Be2 O-O 7. O-O c6 8. Re1
a6 9. Bf1 e5 10. Qc2 exd4 11. Nxd4 Ng4 12. Rd1 Qe7 13. Bf4 Nc5 14. Qd2 Ne5 15.
f3 Ne6 16. Be3 b5 17. Nxe6 Bxe6 18. cxb5 axb5 19. b3 Rfd8 20. Rac1 Rd7 21. Kh1
Qd8 22. h3 b4 23. Na4 c5 24. Bb5 Rb7 25. Bf1 Rd7 26. f4 Nc6 27. Bb5 Nd4 28.
Bxd7 Bxd7 29. Nxc5 dxc5 30. Rxc5 Bxh3 31. gxh3 Qh4 32. Bxd4 Qxh3+ 33. Kg1 Bxd4+
34. Qxd4 Rxa2 35. Rd2 Qg3+ 36. Kf1 Qf3+ 37. Kg1 Qg3+ 38. Kf1 Qf3+ 1/2-1/2

[Event "I ITT Escola Politécnica"]
[Site "Escola Politécnica - USP - São"]
[Date "2012.12.08"]
[Round "6.2"]
[White "Martins, Carlos"]
[Black "Blit, Jacques"]
[Result "1/2-1/2"]
[WhiteElo "2241"]
[BlackElo "2301"]
[PlyCount "27"]
[EventDate "2012.12.03"]

1. e4 c5 2. Nf3 Nc6 3. Nc3 g6 4. d4 cxd4 5. Nxd4 Bg7 6. Be3 Nf6 7. Nxc6 bxc6 8.
e5 Ng8 9. Bd4 Nh6 10. e6 O-O 11. Bxg7 Kxg7 12. exd7 Qxd7 13. Qxd7 Bxd7 14.
O-O-O 1/2-1/2

[Event "I ITT Escola Politécnica"]
[Site "Escola Politécnica - USP - São"]
[Date "2012.12.08"]
[Round "6.3"]
[White "Marques, Joao Paulo Cassemiro"]
[Black "Gotz, Klaus Seiji Furucho"]
[Result "1-0"]
[WhiteElo "2250"]
[BlackElo "2068"]
[PlyCount "47"]
[EventDate "2012.12.03"]

1. e4 c5 2. Nf3 g6 3. Bc4 Bg7 4. c3 e6 5. O-O Ne7 6. d4 cxd4 7. Nxd4 O-O 8. Bg5
f6 9. Bf4 a6 10. a4 d5 11. exd5 exd5 12. Ba2 Nbc6 13. Re1 Re8 14. Na3 g5 15.
Bc1 Ne5 16. f4 Bg4 17. Qc2 gxf4 18. Bxf4 N7g6 19. Bg3 h5 20. h3 Bc8 21. Rad1 h4
22. Bxe5 Nxe5 23. Qf2 Kf7 24. Ne2 1-0

[Event "I ITT Escola Politécnica"]
[Site "Escola Politécnica - USP - São"]
[Date "2012.12.08"]
[Round "6.4"]
[White "Abdalla, Luiz Guilherme Aurel"]
[Black "Villalba, Marcelo"]
[Result "1-0"]
[WhiteElo "2322"]
[BlackElo "2198"]
[PlyCount "71"]
[EventDate "2012.12.03"]

1. d4 Nf6 2. c4 e6 3. Nc3 d5 4. Nf3 Nbd7 5. Bf4 dxc4 6. e4 Bb4 7. Bxc4 Nxe4 8.
O-O Nxc3 9. bxc3 Bd6 10. Ne5 O-O 11. Re1 Re8 12. Qh5 g6 13. Qf3 Qf6 14. Re4 Qg7
15. Rae1 Nxe5 16. dxe5 Be7 17. Rd4 a5 18. Red1 c6 19. a4 Rb8 20. Bb3 h6 21. Bc2
Ra8 22. Qe4 Ra6 23. R4d3 b5 24. Rh3 g5 25. Bc1 Rd8 26. Rxd8+ Bxd8 27. f4 f5 28.
exf6 Bxf6 29. fxg5 Bxc3 30. gxh6 Qd4+ 31. Kf1 Qxe4 32. Bxe4 b4 33. h7+ Kh8 34.
Rg3 Bg7 35. Rxg7 Kxg7 36. Bb2+ 1-0

[Event "I ITT Escola Politécnica"]
[Site "Escola Politécnica - USP - São"]
[Date "2012.12.08"]
[Round "6.5"]
[White "Paveto, Kevin"]
[Black "Quintiliano Pinto, Renato R"]
[Result "1/2-1/2"]
[WhiteElo "2302"]
[BlackElo "2243"]
[PlyCount "108"]
[EventDate "2012.12.03"]

1. e4 c5 2. Nf3 d6 3. c3 Nf6 4. h3 g6 5. Bd3 Bg7 6. Bc2 O-O 7. O-O Nc6 8. d3
Qc7 9. Re1 Rd8 10. a3 e5 11. b4 cxb4 12. axb4 b5 13. Na3 Rb8 14. d4 d5 15. Qe2
dxe4 16. Bxe4 Nxe4 17. Qxe4 Bf5 18. Qh4 a5 19. bxa5 Qxa5 20. Bg5 Rd7 21. dxe5
Qxc3 22. Bf6 Nd4 23. Bxg7 Nxf3+ 24. gxf3 Kxg7 25. Qf6+ Kg8 26. Nxb5 Qxf3 27.
Ra6 Qh5 28. Nd6 Bxh3 29. Ra4 Bg4 30. Rc1 Be6 31. Rh4 Qe2 32. Qg5 h5 33. Ne4
Rd1+ 34. Rxd1 Qxd1+ 35. Kh2 Rb1 36. Nf6+ Kf8 37. Qg2 Bc8 38. Rxh5 Qh1+ 39. Qxh1
Rxh1+ 40. Kxh1 gxh5 41. Nxh5 Ke7 42. Kg2 Ke6 43. f4 Kf5 44. Kg3 Bd7 45. Nf6 Bc6
46. Ng8 Be4 47. Nh6+ Kg6 48. Ng4 Kf5 49. Ne3+ Ke6 50. Ng4 Kf5 51. Nh6+ Kg6 52.
Ng8 Kf5 53. Nf6 Bc6 54. Ng4 Be4 1/2-1/2

[Event "I ITT Escola Politécnica"]
[Site "Escola Politécnica - USP - São"]
[Date "2012.12.08"]
[Round "7.1"]
[White "Quintiliano Pinto, Renato R"]
[Black "Maia, Luciano Malta"]
[Result "0-1"]
[WhiteElo "2243"]
[BlackElo "2290"]
[PlyCount "56"]
[EventDate "2012.12.03"]

1. e4 e5 2. Nf3 Nc6 3. Bb5 a6 4. Ba4 Nf6 5. d3 d6 6. c3 Be7 7. O-O O-O 8. Re1
b5 9. Bc2 d5 10. Nbd2 dxe4 11. dxe4 Be6 12. Qe2 Bc5 13. h3 h6 14. a4 b4 15. Nc4
Qe7 16. a5 Nd7 17. Be3 Bxe3 18. Nxe3 bxc3 19. bxc3 Qc5 20. Bd3 Nxa5 21. Bxa6
Nb3 22. Rab1 Qxc3 23. Bc4 Nd4 24. Nxd4 exd4 25. Rec1 Qa3 26. Nc2 Qd6 27. Bxe6
d3 28. Qd2 dxc2 0-1

[Event "I ITT Escola Politécnica"]
[Site "Escola Politécnica - USP - São"]
[Date "2012.12.08"]
[Round "7.2"]
[White "Villalba, Marcelo"]
[Black "Paveto, Kevin"]
[Result "0-1"]
[WhiteElo "2198"]
[BlackElo "2302"]
[PlyCount "108"]
[EventDate "2012.12.03"]

1. e4 e5 2. Nf3 Nc6 3. Nc3 Bb4 4. Nd5 Ba5 5. Bc4 Nf6 6. O-O d6 7. d3 h6 8. h3
Be6 9. c3 Bb6 10. Nxb6 axb6 11. Bxe6 fxe6 12. Re1 O-O 13. d4 Nd7 14. Be3 Qf6
15. dxe5 Ndxe5 16. Nxe5 Nxe5 17. Qe2 Ng6 18. f3 Rf7 19. a4 Raf8 20. a5 bxa5 21.
Rxa5 e5 22. Ra7 Nh4 23. Bf2 Ng6 24. Be3 c6 25. Rea1 d5 26. Ra8 Rxa8 27. Rxa8+
Kh7 28. exd5 cxd5 29. Qd3 Rd7 30. Ra4 Rd6 31. Bc5 Rd8 32. Rb4 Rd7 33. Rb6 Qf7
34. h4 e4 35. fxe4 dxe4 36. Qxe4 Rd1+ 37. Kh2 Qc7+ 38. g3 Rd2+ 39. Kh3 Qf7 40.
Kg4 h5+ 41. Kxh5 Rd5+ 42. Kg4 Rxc5 43. h5 Qd7+ 44. Re6 Qd1+ 45. Qe2 Qxe2+ 46.
Rxe2 Ne5+ 47. Kf4 Nd3+ 48. Ke3 Nc1 49. Rh2 Kh6 50. Kd2 Nb3+ 51. Kc2 Nd4+ 52.
Kd3 Nc6 53. g4 Rg5 54. Kc4 Ne5+ 0-1

[Event "I ITT Escola Politécnica"]
[Site "Escola Politécnica - USP - São"]
[Date "2012.12.08"]
[Round "7.3"]
[White "Gotz, Klaus Seiji Furucho"]
[Black "Abdalla, Luiz Guilherme Aurel"]
[Result "0-1"]
[WhiteElo "2068"]
[BlackElo "2322"]
[PlyCount "116"]
[EventDate "2012.12.03"]

1. d4 d5 2. c4 e6 3. Nc3 Be7 4. Nf3 Nf6 5. Bg5 c6 6. e3 O-O 7. Qc2 Nbd7 8. cxd5
exd5 9. Bd3 Re8 10. O-O Nf8 11. h3 Ne4 12. Bxe7 Qxe7 13. b4 Ng5 14. Nxg5 Qxg5
15. Kh2 Re6 16. b5 Rh6 17. f4 Qh5 18. Rf3 Bd7 19. bxc6 Bxc6 20. Rg1 Qh4 21. g4
Qe7 22. g5 Re6 23. Rgg3 Qd6 24. Nd1 Rc8 25. Nf2 Bd7 26. Qe2 Ree8 27. f5 Rc1 28.
Ng4 Rec8 29. Rf4 Bb5 30. Nh6+ gxh6 31. gxh6+ Ng6 32. fxg6 fxg6 33. Rg2 Bxd3 34.
Qxd3 Rf8 35. Rgg4 Qc7 36. Qb5 Rxf4 37. exf4 Qc2+ 38. Kg3 Qc6 39. Qxc6 Rxc6 40.
f5 Kf7 41. Rf4 g5 42. Rf2 Rxh6 43. Rc2 Rc6 44. Rb2 Rc7 45. Rb5 Rd7 46. Kg4 Kf6
47. a4 h5+ 48. Kxh5 Kxf5 49. Kh6 b6 50. a5 Rd6+ 51. Kg7 Ke4 52. axb6 Rxb6 53.
Ra5 Kxd4 54. Rxa7 Ke3 55. Rd7 d4 56. Rd5 d3 57. Rxg5 d2 58. Rd5 Rb4 0-1

[Event "I ITT Escola Politécnica"]
[Site "Escola Politécnica - USP - São"]
[Date "2012.12.08"]
[Round "7.4"]
[White "Blit, Jacques"]
[Black "Marques, Joao Paulo Cassemiro"]
[Result "0-1"]
[WhiteElo "2301"]
[BlackElo "2250"]
[PlyCount "58"]
[EventDate "2012.12.03"]

1. e4 c5 2. Nf3 g6 3. d4 cxd4 4. Nxd4 Nc6 5. Nc3 Bg7 6. Be3 Nf6 7. Bc4 O-O 8.
Bb3 d6 9. f3 Bd7 10. Qd2 Rc8 11. O-O-O Nxd4 12. Bxd4 b5 13. Nd5 Nxd5 14. Bxg7
Kxg7 15. Bxd5 a5 16. a3 Qc7 17. h4 h6 18. h5 g5 19. Qd4+ e5 20. Qd2 b4 21. axb4
axb4 22. Bb3 Qa5 23. Qxd6 Qa1+ 24. Kd2 Qxb2 25. Ke1 Be6 26. Bxe6 Rxc2 27. Bh3
Qc3+ 28. Kf1 Rd8 29. Bd7 Rxd7 0-1

[Event "I ITT Escola Politécnica"]
[Site "Escola Politécnica - USP - São"]
[Date "2012.12.08"]
[Round "7.5"]
[White "Diaz Hollemaert, Nahuel"]
[Black "Martins, Carlos"]
[Result "1-0"]
[WhiteElo "2398"]
[BlackElo "2241"]
[PlyCount "61"]
[EventDate "2012.12.03"]

1. c4 f5 2. Nc3 Nf6 3. g3 g6 4. Bg2 Bg7 5. Rb1 O-O 6. b4 e5 7. d3 Nc6 8. e3 d6
9. Nge2 Ne7 10. O-O h6 11. f4 c6 12. b5 a6 13. bxc6 Nxc6 14. Qb3 Kh7 15. Qb6
Qe8 16. Nd5 Nxd5 17. cxd5 Nd8 18. Qxd6 Bd7 19. Qb4 Bb5 20. Qd2 e4 21. dxe4 fxe4
22. Bb2 Rf7 23. Bxg7 Rxg7 24. Rfc1 Bd3 25. Rb6 Qd7 26. Nd4 Rc8 27. Rc3 Rxc3 28.
Qxc3 Qa4 29. h4 h5 30. Rd6 Rd7 31. Qb3 1-0

[Event "I ITT Escola Politécnica"]
[Site "Escola Politécnica - USP - São"]
[Date "2012.12.09"]
[Round "8.1"]
[White "Maia, Luciano Malta"]
[Black "Martins, Carlos"]
[Result "1/2-1/2"]
[WhiteElo "2290"]
[BlackElo "2241"]
[PlyCount "33"]
[EventDate "2012.12.03"]

1. d4 d6 2. Nf3 f5 3. g3 Nf6 4. Bg2 g6 5. b3 Bg7 6. Bb2 O-O 7. O-O c6 8. Nbd2
Ne4 9. Nxe4 fxe4 10. Ng5 d5 11. Nh3 Nd7 12. f3 exf3 13. exf3 e5 14. Kh1 exd4
15. Bxd4 Bxd4 16. Qxd4 Qf6 17. Qxf6 1/2-1/2

[Event "I ITT Escola Politécnica"]
[Site "Escola Politécnica - USP - São"]
[Date "2012.12.09"]
[Round "8.2"]
[White "Marques, Joao Paulo Cassemiro"]
[Black "Diaz Hollemaert, Nahuel"]
[Result "0-1"]
[WhiteElo "2250"]
[BlackElo "2398"]
[PlyCount "54"]
[EventDate "2012.12.03"]

1. e4 g6 2. d4 Bg7 3. Nc3 a6 4. f4 b5 5. e5 d6 6. Bd3 Bb7 7. Nf3 e6 8. Ne4 Ne7
9. h4 h5 10. Be3 Nd7 11. exd6 Nf5 12. dxc7 Qxc7 13. Qd2 Rd8 14. Bf2 Nb6 15. c3
Nc4 16. Qc1 Bh6 17. g3 e5 18. Nfg5 O-O 19. O-O exd4 20. Nf6+ Kg7 21. Bxf5 gxf5
22. Bxd4 Rxd4 23. cxd4 Qc6 24. Nxh5+ Kg6 25. Nf3 Qe4 26. g4 fxg4 27. f5+ Kxh5
0-1

[Event "I ITT Escola Politécnica"]
[Site "Escola Politécnica - USP - São"]
[Date "2012.12.09"]
[Round "8.3"]
[White "Abdalla, Luiz Guilherme Aurel"]
[Black "Blit, Jacques"]
[Result "1-0"]
[WhiteElo "2322"]
[BlackElo "2301"]
[PlyCount "45"]
[EventDate "2012.12.03"]

1. d4 d5 2. c4 e6 3. Nc3 Be7 4. Nf3 Nf6 5. Bf4 O-O 6. e3 c5 7. dxc5 Bxc5 8. Qc2
Nc6 9. a3 h6 10. Rd1 Bd6 11. Bxd6 Qxd6 12. Be2 Ne5 13. O-O Bd7 14. cxd5 exd5
15. Nxe5 Qxe5 16. Qb3 Bg4 17. Rd4 Be6 18. Bf3 Rfd8 19. Rfd1 Rac8 20. h3 b6 21.
e4 Qg5 22. h4 Qxh4 23. exd5 1-0

[Event "I ITT Escola Politécnica"]
[Site "Escola Politécnica - USP - São"]
[Date "2012.12.09"]
[Round "8.4"]
[White "Paveto, Kevin"]
[Black "Gotz, Klaus Seiji Furucho"]
[Result "1-0"]
[WhiteElo "2302"]
[BlackElo "2068"]
[PlyCount "113"]
[EventDate "2012.12.03"]

1. e4 c5 2. Nf3 g6 3. h4 h5 4. Bc4 Bg7 5. d4 cxd4 6. c3 d3 7. Qxd3 Nc6 8. Bf4
d6 9. Nbd2 Nf6 10. Ng5 O-O 11. Ndf3 Na5 12. Bb5 a6 13. Ba4 b5 14. Bc2 Bb7 15.
O-O Ng4 16. Rad1 Nc4 17. Bc1 Qb6 18. Nd4 Rac8 19. Bb1 b4 20. cxb4 Qxb4 21. f3
Nge5 22. Qb3 Qxb3 23. axb3 Nb6 24. Be3 Nbd7 25. Nh3 Nc6 26. Nf2 Nc5 27. Bc2 Nb4
28. Bb1 Rfd8 29. g4 hxg4 30. Nxg4 Nc6 31. Nxc6 Rxc6 32. Bg5 Rd7 33. b4 Ne6 34.
Be3 Bxb2 35. f4 Rc4 36. f5 gxf5 37. Nh6+ Kf8 38. Rxf5 Bf6 39. e5 Be4 40. exf6
Bxf5 41. fxe7+ Rxe7 42. Nxf5 Rb7 43. Kf2 Rcxb4 44. Bd3 a5 45. Rg1 a4 46. Bh6+
Ke8 47. Nxd6+ Ke7 48. Nxb7 Rxb7 49. Ra1 Rb4 50. h5 Nc5 51. Be2 Rb3 52. Bf4 a3
53. Bc1 Ne4+ 54. Kg2 Rg3+ 55. Kh2 Kf6 56. Bxa3 Kg5 57. Be7+ 1-0

[Event "I ITT Escola Politécnica"]
[Site "Escola Politécnica - USP - São"]
[Date "2012.12.09"]
[Round "8.5"]
[White "Quintiliano Pinto, Renato R"]
[Black "Villalba, Marcelo"]
[Result "0-1"]
[WhiteElo "2243"]
[BlackElo "2198"]
[PlyCount "86"]
[EventDate "2012.12.03"]

1. d4 Nf6 2. c4 g6 3. Nc3 Bg7 4. e4 O-O 5. Nf3 d6 6. Be2 c5 7. O-O Nc6 8. d5
Na5 9. h3 e5 10. a3 b6 11. b4 Nb7 12. Ne1 Ne8 13. Bd2 f5 14. exf5 gxf5 15. f4
e4 16. Nc2 Bd7 17. Be1 Qe7 18. Rb1 Bf6 19. Rb3 Kh8 20. Nb1 Rg8 21. Re3 Ba4 22.
Bc3 Bxc2 23. Bxf6+ Nxf6 24. Qxc2 Rg6 25. Rf2 Rag8 26. Qc3 Qg7 27. Bf1 cxb4 28.
axb4 a5 29. bxa5 bxa5 30. Na3 Nc5 31. Qb2 h5 32. Nb5 Nfd7 33. Ra3 a4 34. Nd4
Rb8 35. Qd2 Nb3 36. Nxb3 axb3 37. Qb2 Nc5 38. Qxg7+ Rxg7 39. Rb2 Rg3 40. Be2
Rc3 41. Kf2 Rc2 42. Rb1 b2 43. Ra2 Rb3 0-1

[Event "I ITT Escola Politécnica"]
[Site "Escola Politécnica - USP - São"]
[Date "2012.12.10"]
[Round "9.1"]
[White "Villalba, Marcelo"]
[Black "Maia, Luciano Malta"]
[Result "1/2-1/2"]
[WhiteElo "2198"]
[BlackElo "2290"]
[PlyCount "29"]
[EventDate "2012.12.03"]

1. e4 e5 2. Nf3 Nc6 3. Nc3 Nf6 4. d4 exd4 5. Nxd4 Bc5 6. Nxc6 bxc6 7. Bd3 d6 8.
O-O Ng4 9. h3 Ne5 10. Na4 Nxd3 11. Qxd3 Bb6 12. Nxb6 axb6 13. Qc3 O-O 14. Qxc6
Ra5 15. Qc3 1/2-1/2

[Event "I ITT Escola Politécnica"]
[Site "Escola Politécnica - USP - São"]
[Date "2012.12.10"]
[Round "9.2"]
[White "Gotz, Klaus Seiji Furucho"]
[Black "Quintiliano Pinto, Renato R"]
[Result "0-1"]
[WhiteElo "2068"]
[BlackElo "2243"]
[PlyCount "78"]
[EventDate "2012.12.03"]

1. d4 d5 2. c4 e6 3. Nc3 c6 4. Nf3 dxc4 5. e3 b5 6. a4 Bb4 7. Bd2 a5 8. axb5
Bxc3 9. Bxc3 cxb5 10. b3 Bb7 11. d5 Nf6 12. bxc4 b4 13. Bxf6 Qxf6 14. Qa4+ Nd7
15. Nd4 e5 16. Nb3 Ke7 17. Be2 Rhc8 18. Bg4 Nb6 19. Bxc8 Nxa4 20. Bxb7 Ra7 21.
Rxa4 Qg6 22. Rxa5 Qb1+ 23. Ke2 Qc2+ 24. Kf3 Qf5+ 25. Ke2 Qc2+ 26. Kf3 Rxb7 27.
Nc5 Rc7 28. Ne4 Rxc4 29. Ra7+ Kd8 30. Nd6 Rc7 31. Nxf7+ Ke8 32. Nd6+ Kd7 33.
Rxc7+ Kxc7 34. Ne4 b3 35. d6+ Kc6 36. Ra1 b2 37. Ra6+ Kb7 38. d7 Qd1+ 39. Kg3
Kxa6 0-1

[Event "I ITT Escola Politécnica"]
[Site "Escola Politécnica - USP - São"]
[Date "2012.12.10"]
[Round "9.4"]
[White "Diaz Hollemaert, Nahuel"]
[Black "Abdalla, Luiz Guilherme Aurel"]
[Result "1/2-1/2"]
[WhiteElo "2398"]
[BlackElo "2322"]
[PlyCount "21"]
[EventDate "2012.12.03"]

1. d4 d5 2. c4 e6 3. Nc3 Be7 4. cxd5 exd5 5. Nf3 Nf6 6. Bg5 c6 7. Qc2 g6 8. e3
Bf5 9. Bd3 Bxd3 10. Qxd3 O-O 11. O-O 1/2-1/2

[Event "I ITT Escola Politécnica"]
[Site "Escola Politécnica - USP - São"]
[Date "2012.12.10"]
[Round "9.5"]
[White "Martins, Carlos"]
[Black "Marques, Joao Paulo Cassemiro"]
[Result "1-0"]
[WhiteElo "2241"]
[BlackElo "2250"]
[PlyCount "47"]
[EventDate "2012.12.03"]

1. d4 f5 2. Nc3 Nf6 3. Bg5 d5 4. Bxf6 exf6 5. e3 Be6 6. Bd3 Nc6 7. Nh3 Bd6 8.
Qf3 Ne7 9. Nf4 Bxf4 10. exf4 Qd7 11. O-O-O O-O-O 12. Rhe1 Bf7 13. Re3 Kb8 14.
Bb5 c6 15. Bf1 b6 16. Ba6 Rhe8 17. g3 g5 18. Rde1 Ng6 19. fxg5 fxg5 20. Qh5 g4
21. Qxh7 Rh8 22. Qg7 Rxh2 23. Qf6 Re8 24. Rxe8+ 1-0